000 00290nam a22001337a 4500
008 170606b xxu||||| |||| 00| 0 eng d
020 _a9780894718816
041 _aeng
080 _a94
100 _aSHH
101 _a18
245 _aTHE AGE OF FABLE
_cTHOMAS BULFINCH
942 _2udc
_cBK
999 _c16159
_d16159